Statistics for Danske fugle - multiple choice

Click here to take the quiz!

General Stats

  • This quiz has been taken 28 times
  • The average score is 6 of 10

Answer Stats

QuestionAnswer% Correct
Isfugl
88%
Blishøne
84%
Musvit
72%
Bogfinke
56%
Vipstjert
56%
Sjagger
52%
Stær
48%
Gråspurv
48%
Gærdesmutter
48%
Lærke
44%

Score Distribution

Percentile by Number Answered

Percent of People with Each Score

Your Score History

You have not taken this quiz